Normal view
MARC view
- ابوصالح،محمد صبحي/عدنان محمد عوض
Entry Personal Name
001 - CONTROL NUMBER
- control field: 15254
003 - CONTROL NUMBER IDENTIFIER
- control field: JO-AjAnu
005 - DATE AND TIME OF LATEST TRANSACTION
- control field: 20230606072732.0
008 - FIXED-LENGTH DATA ELEMENTS
- fixed length control field: 230606|| aca||aabn | a|a d
040 ## - CATALOGING SOURCE
- Original cataloging agency: JO-AjAnu
- Transcribing agency: JO-AjAnu
100 ## - HEADING--PERSONAL NAME
- Personal name: ابوصالح،محمد صبحي/عدنان محمد عوض
670 ## - SOURCE DATA FOUND
- Source citation: Work cat.: (JO-AjAnu)7832: ابوصالح،محمد صبحي/عدنان محمد عوض, author, مبادىء الاحصاءج2: الاحصاءات المالية والادارية والحيوية